Mr and Mrs P Andrews and Peter Russell (Record no. 68998)

MARC details
000 -LEADER
fixed length control field 01640cam a2200253 4500
001 - CONTROL NUMBER
control field ABS64832
008 - FIXED-LENGTH DATA ELEMENTS--GENERAL INFORMATION
fixed length control field 011203n2001 000 0 eng u
035 ## - SYSTEM CONTROL NUMBER
System control number (Sirsi) u115829
245 ## - TITLE STATEMENT
Title Mr and Mrs P Andrews and Peter Russell
260 ## - PUBLICATION, DISTRIBUTION, ETC.
Date of publication, distribution, etc. 2001
490 ## - SERIES STATEMENT
Series statement Rating Appeals
Volume/sequential designation [2001] RA 333-341(5)
520 ## - SUMMARY, ETC.
Summary, etc. RA/76/1999 9 July 2001. Appeal of ratepayers' (A) from the decision of the South Wales Valuation Tribunal determining the assessment in the 1995 rating list of two holiday cottages at Llanerch Vineyard in the Vale of Glamorgan at £2,800. The respondent (VO) valued the cottages at £360 per bed space. R contended that the properties should be valued in accordance with the scale of values for self-catering properties produced by the local valuation office for the 1995 rating list, which valued each bed space at £200, which A then discounted by 5% to reflect the fact that the cottages were semi-detached. A argued that there were no special circumstances that justified the VO departing from the scale. "Held", the appeal was allowed as there was no evidence that justified the VO departing from the scale. View decision at www.courtservice.gov.uk/tribunals/lands_frm.hrm.
590 ## - LOCAL NOTE (RLIN)
Local note ABS
650 ## - SUBJECT ADDED ENTRY--TOPICAL TERM
Topical term or geographic name entry element HOLIDAY HOMES
650 ## - SUBJECT ADDED ENTRY--TOPICAL TERM
Topical term or geographic name entry element SELF-CATERING
650 ## - SUBJECT ADDED ENTRY--TOPICAL TERM
Topical term or geographic name entry element SEMI-DETACHED
650 ## - SUBJECT ADDED ENTRY--TOPICAL TERM
Topical term or geographic name entry element EVIDENCE OF VALUE
650 ## - SUBJECT ADDED ENTRY--TOPICAL TERM
Topical term or geographic name entry element ANNUAL VALUE
650 ## - SUBJECT ADDED ENTRY--TOPICAL TERM
Topical term or geographic name entry element COMPARABLES
650 ## - SUBJECT ADDED ENTRY--TOPICAL TERM
Topical term or geographic name entry element ANDREWS AND ANOTHER V RUSSELL (VO)
690 ## - LOCAL SUBJECT ADDED ENTRY--TOPICAL TERM (OCLC, RLIN)
Topical term or geographic name as entry element RATING AND LOCAL TAXATION-CASE LAW
856 ## - ELECTRONIC LOCATION AND ACCESS
Uniform Resource Identifier <a href="https://www.courtservice.gov.uk/tribunals/lands/decisions/dec-ra-76-99.htm">https://www.courtservice.gov.uk/tribunals/lands/decisions/dec-ra-76-99.htm</a>
Public note View decision at Court Service website.
942 ## - ADDED ENTRY ELEMENTS (KOHA)
Suppress in OPAC 0
Holdings
Withdrawn status Lost status Source of classification or shelving scheme Damaged status Not for loan Home library Current library Shelving location Date acquired Total Checkouts Full call number Barcode Date last seen Copy number Price effective from Koha item type
    Dewey Decimal Classification     London London Journal article 03/12/2001   ABS64832 115829-1001 06/08/2019 1 06/08/2019 Law report